[Event "GER-ch U12"]
[Site "Willingen"]
[Date "2023.05.31"]
[Round "6"]
[White "Krueger, Moritz"]
[Black "Gavrylyuk, Oleksandr"]
[Result "1-0"]
[WhiteElo "1582"]
[BlackElo "1226"]
[PlyCount "51"]
[EventDate "2023.05.27"]
[EventType "swiss"]
[EventRounds "9"]
[EventCountry "GER"]
[SourceTitle "CBM 214 Extra"]
[Source "ChessBase"]
[SourceDate "2023.07.31"]
[SourceVersion "1"]
[SourceVersionDate "2023.07.31"]
[SourceQuality "1"]

1. d4 d5 2. c4 e6 3. Nc3 Nf6 4. cxd5 exd5 5. Bg5 Be7 6. e3 c6 7. Bd3 Nbd7 8. Nf3 0-0 9. Qc2 Re8 10. a3 Nf8 11. b4 a5 12. b5 Ne6 13. Bxf6 Bxf6 14. 0-0 g6 15. bxc6 bxc6 16. Na4 Qc7 17. Rfc1 Bd7 18. Rab1 Reb8 19. Nc5 Nxc5 20. Qxc5 Bd8 21. Ne5 Rxb1 22. Bxb1 Rc8 23. Ba2 Be8 24. h3 f6 25. Nxc6 Qxc6 26. Bxd5+ 1-0

[Event "GER-chT Christmas U16 Steinitz"]
[Site "Playchess.com INT"]
[Date "2020.12.28"]
[Round "7.1"]
[White "Gavrylyuk, Oleksandr"]
[Black "Rehpenn, Tom"]
[Result "1-0"]
[WhiteElo "1030"]
[BlackElo "1419"]
[PlyCount "75"]
[EventDate "2020.12.28"]
[EventType "team-swiss (blitz)"]
[EventRounds "7"]
[EventCountry "GER"]
[SourceTitle "CBM 200 Extra"]
[Source "ChessBase"]
[SourceDate "2021.03.31"]
[SourceVersion "1"]
[SourceVersionDate "2021.03.31"]
[SourceQuality "1"]
[WhiteTeam "Rostock Makkabi III"]
[BlackTeam "Varrel"]
[WhiteTeamCountry "GER"]
[BlackTeamCountry "GER"]

1. d4 d5 2. Nf3 Bf5 3. Bf4 Nf6 4. e3 e6 5. Nbd2 Bd6 6. Ne5 Nbd7 7. c3 Bxe5 8. dxe5 Ne4 9. Nxe4 Bxe4 10. Bd3 Bxg2 11. Rg1 Be4 12. Rxg7 Qe7 13. f3 Bxd3 14. Qxd3 0-0-0 15. Bg5 Qf8 16. Bxd8 Qxg7 17. Bh4 Qxe5 18. 0-0-0 Qxh2 19. Qd4 Rg8 20. Be7 c6 21. Qxa7 Rg2 22. Qa3 Rc2+ 23. Kb1 Qe2 24. Rh1 Rd2 25. b4 Rd1+ 26. Rxd1 Qxd1+ 27. Kb2 Qe2+ 28. Kb3 Qxe3 29. Bd6 Nb6 30. Bc5 Qxf3 31. Bxb6 Qd1+ 32. Kb2 Qe2+ 33. Kc1 Qe1+ 34. Kb2 Kd7 35. Qa8 Qd2+ 36. Kb3 Kd6 37. Qb8+ Kd7 38. Qd8# 1-0